[Event "AUTO-OPEN-3945"]
[Site "http://www.queenalice.com/game.php?id=1532134"]
[Date "2018.6.21"]
[Round "1"]
[White "mrd123"]
[Black "maurice91"]
[Result "1-0"]
[WhiteElo "1968"]
[BlackElo "1936"]

1. e4 c6 2. d4 d5 3. Nc3 dxe4 4. Nxe4 Nd7 5. Nf3 Ngf6 6. Nxf6+ Nxf6 7. Bc4 e6 8.
O-O Bd6 9. Re1 O-O 10. Bd3 b5 11. b3 Bb7 12. Bb2 Rb8 13. Re3 Nd5 14. Re1 Re8 15.
c4 bxc4 16. Bxc4 a5 17. Rc1 Rc8 18. h3 Nb4 19. a3 Nd5 20. Bd3 c5 21. dxc5 Bxc5
22. Rc4 Ba6 23. Rg4 Bxd3 24. Rxg7+ Kf8 25. Qxd3 Qb6 26. Rxf7+ Kxf7 27. Qxh7+ Kf8
28. Qg7# 1-0

[Event "AUTO-OPEN-3945"]
[Site "http://www.queenalice.com/game.php?id=1532135"]
[Date "2018.6.21"]
[Round "1"]
[White "maurice91"]
[Black "mrd123"]
[Result "0-1"]
[WhiteElo "1889"]
[BlackElo "1969"]

1. d4 d5 2. c4 Nf6 3. Nf3 dxc4 4. Nc3 e6 5. e4 Bb4 6. Bxc4 Nxe4 7. Qc2 Nf6 8.
Be3 Nc6 9. O-O O-O 10. Rad1 Bxc3 11. bxc3 h6 12. h3 Ne7 13. Bd3 b6 14. Ne5 Bb7
15. f3 Ned5 16. Bf2 Nf4 17. Bc4 N6h5 18. a4 Qg5 19. Be1 Nxh3+ 20. Kh1 N3f4 21.
Ba2 Rad8 22. Bb1 Nf6 23. g3 Ng6 24. Nxg6 fxg6 25. Qxg6 Qxg6 26. Bxg6 Nd5 27. Bd2
Ne7 28. Be4 Ba6 29. Rf2 Nf5 30. Kg2 e5 31. d5 Nd6 32. Bc2 Bb7 33. c4 Nxc4 34.
Bc1 Bxd5 35. Bb3 Ne3+ 0-1

[Event "AUTO-OPEN-3945"]
[Site "http://www.queenalice.com/game.php?id=1532136"]
[Date "2018.6.21"]
[Round "1"]
[White "mrd123"]
[Black "Parma"]
[Result "1-0"]
[WhiteElo "1945"]
[BlackElo "1875"]

1. e4 c5 2. Nc3 e6 3. e5 d6 4. Nf3 Nc6 5. Bb5 Bd7 6. exd6 Bxd6 7. Ne4 Bc7 8.
Nxc5 b6 9. Nxd7 Qxd7 10. d4 Nge7 11. O-O O-O 12. Re1 a6 13. Bd3 b5 14. Bxh7+
Kxh7 15. Ng5+ Kg8 16. Qh5 1-0

[Event "AUTO-OPEN-3945"]
[Site "http://www.queenalice.com/game.php?id=1532137"]
[Date "2018.6.21"]
[Round "1"]
[White "Parma"]
[Black "mrd123"]
[Result "0-1"]
[WhiteElo "1780"]
[BlackElo "1935"]

1. d4 d5 2. c4 Nf6 3. e3 Nc6 4. Nf3 Bg4 5. h3 Bh5 6. Nc3 e5 7. dxe5 Nxe5 8. Be2
Bxf3 9. Bxf3 Bb4 10. Qa4+ c6 11. Qxb4 Nd3+ 0-1

[Event "AUTO-OPEN-3945"]
[Site "http://www.queenalice.com/game.php?id=1532138"]
[Date "2018.6.21"]
[Round "1"]
[White "mrd123"]
[Black "InnerPiece"]
[Result "0-1"]
[WhiteElo "1958"]
[BlackElo "2293"]

1. e4 c5 2. Nc3 Nc6 3. Nf3 g6 4. d4 cxd4 5. Nxd4 Bg7 6. Nxc6 bxc6 7. Bc4 d6 8.
O-O Nh6 9. e5 O-O 10. h3 dxe5 11. Qf3 Bd7 12. Rd1 Qc7 13. Ne4 Nf5 14. c3 Nd6 15.
Nxd6 exd6 16. Be3 Rab8 17. Bb3 a5 18. Rd2 Be6 0-1

[Event "AUTO-OPEN-3945"]
[Site "http://www.queenalice.com/game.php?id=1532139"]
[Date "2018.6.21"]
[Round "1"]
[White "InnerPiece"]
[Black "mrd123"]
[Result "1/2-1/2"]
[WhiteElo "2291"]
[BlackElo "1955"]

1. e4 e5 2. f4 exf4 3. Bc4 Qh4+ 4. Kf1 Nf6 5. Nf3 Qh6 6. Nc3 d6 7. d3 Be7 8. Ne2
Nh5 9. g3 g5 10. h4 gxh4 11. Bxf4 Nxf4 12. Nxf4 Bg4 13. Nd5 Nc6 14. Qd2 Qg7 15.
Nxh4 O-O-O 16. Kg2 Bxh4 17. Rxh4 Rhg8 18. Qf4 h5 19. Ne3 Ne5 20. Nxg4 Nxg4 21.
c3 Ne5 22. Rxh5 Qg6 23. Qf5+ Qxf5 24. Rxf5 Rg7 25. Re1 Rdg8 26. Re3 Rh8 27. Kf1
Rh1+ 28. Ke2 Rh2+ 29. Kf1 Rxb2 30. Bb3 Rh7 31. Re2 Rb1+ 1/2-1/2

[Event "Amigos Bategoll"]
[Site "http://www.queenalice.com/game.php?id=1537635"]
[Date "2018.8.5"]
[Round "4"]
[White "dechian"]
[Black "mrd123"]
[Result "1-0"]
[WhiteElo "2026"]
[BlackElo "1983"]

1. e4 e5 2. Nf3 Nc6 3. Bc4 Nf6 4. Nc3 h6 5. d3 Bb4 6. Bd2 d6 7. h3 Na5 8. Bb5+
c6 9. Ba4 b5 10. Bb3 O-O 11. g4 Nb7 12. g5 hxg5 13. Rg1 Ba5 14. Bxg5 Nc5 15. Bh6
Ne8 16. Ng5 Nxb3 17. axb3 Bxc3+ 18. bxc3 Qf6 19. Qh5 Qxh6 20. Qxh6 gxh6 21. Ne6+
Ng7 22. Nxg7 Bxh3 23. Ne6+ Kh7 24. Nxf8+ Rxf8 25. Rxa7 Be6 26. Rc7 c5 27. Rb7
1-0

[Event "Bigchess"]
[Site "http://www.queenalice.com/game.php?id=1540518"]
[Date "2018.8.29"]
[Round "1"]
[White "tche_elvio"]
[Black "mrd123"]
[Result "0-1"]
[WhiteElo "1457"]
[BlackElo "1982"]

1. d4 d5 2. c4 dxc4 3. Nc3 Nf6 4. g3 e6 5. Bg2 Bb4 6. a3 Ba5 7. Bd2 O-O 8. e4
Nc6 9. Nge2 h6 10. O-O Bb6 11. e5 Nd5 12. Nxd5 exd5 13. Bc3 Ne7 14. Bb4 Re8 15.
Bc5 Nf5 16. Bxb6 cxb6 17. Nc3 a6 18. Bxd5 b5 19. b4 Qb6 20. a4 Nxd4 21. axb5
Nxb5 22. Bxf7+ Kxf7 23. Qf3+ Kg8 24. Na4 Qc7 25. Rfe1 Rxe5 26. Rxe5 Qxe5 27. Nc5
Qxa1+ 28. Kg2 Nd4 29. Qd5+ Kh8 30. Qxc4 b6 31. Nb3 Nxb3 32. Qxb3 Bb7+ 0-1

[Event "Amigos Bategoll"]
[Site "http://www.queenalice.com/game.php?id=1545053"]
[Date "2018.10.6"]
[Round "5"]
[White "mrd123"]
[Black "worldwide"]
[Result "1-0"]
[WhiteElo "1984"]
[BlackElo "1868"]

1. e4 e5 2. Nf3 d6 3. d4 exd4 4. Nxd4 Ne7 5. Nc3 Nbc6 6. Bb5 Bd7 7. O-O Nxd4 8.
Qxd4 Nc6 9. Qd1 Ne5 10. f4 Bxb5 11. Nxb5 c6 12. fxe5 dxe5 13. Qf3 Bc5+ 14. Kh1
Qe7 15. Nc3 f6 16. Be3 O-O-O 17. Qg4+ Kb8 18. Bxc5 1-0

[Event "Let's Play Chess!"]
[Site "http://www.queenalice.com/game.php?id=1552412"]
[Date "2018.12.11"]
[Round "-"]
[White "mrd123"]
[Black "amaisi"]
[Result "1/2-1/2"]
[WhiteElo "2041"]
[BlackElo "2164"]

1. e4 e5 2. Nf3 Nf6 3. Nc3 Nc6 4. Bb5 Bc5 5. O-O O-O 6. h3 d6 7. a3 a6 8. Ba4
Bd7 9. d3 h6 10. Bb3 Nd4 11. Nxd4 Bxd4 12. Qf3 Qe7 13. Ne2 Bb6 14. Ng3 c6 15.
Bd2 Bd4 16. c3 Bc5 17. Bc2 a5 18. a4 b5 19. axb5 cxb5 20. Rfe1 Rfe8 21. Bb3 a4
22. Ba2 Reb8 23. Nf5 Bxf5 24. Qxf5 b4 25. cxb4 Bxb4 26. Red1 Ra7 27. Be3 Ra5 28.
Bc4 Bc5 29. Bxc5 dxc5 30. Rd2 Nd7 31. Qg4 Nb6 32. Ra3 Nxc4 33. dxc4 Qg5 1/2-1/2

[Event "Bigchess"]
[Site "http://www.queenalice.com/game.php?id=1552697"]
[Date "2018.12.12"]
[Round "2"]
[White "mrd123"]
[Black "Bigchess"]
[Result "1-0"]
[WhiteElo "1995"]
[BlackElo "1871"]

1. e4 d6 2. d4 e6 3. Nf3 Nf6 4. Nc3 Be7 5. Bd3 Nc6 6. O-O Bd7 7. Re1 a6 8. d5
exd5 9. exd5 Nb4 10. a3 Nbxd5 11. Nxd5 O-O 12. Nxe7+ 1-0

[Event "Challenge"]
[Site "http://www.queenalice.com/game.php?id=1565146"]
[Date "2019.3.22"]
[Round "-"]
[White "marcomasao"]
[Black "mrd123"]
[Result "0-1"]
[WhiteElo "1975"]
[BlackElo "2006"]

1. e4 e5 2. Bc4 Nf6 3. Nf3 Nc6 4. Nc3 Bc5 5. Qe2 Nd4 6. Nxd4 Bxd4 7. Nb5 Bb6 8.
d3 O-O 9. Be3 d6 10. O-O-O c6 11. Nc3 Bxe3+ 12. Qxe3 h6 13. h3 d5 14. exd5 cxd5
15. Qxe5 dxc4 16. dxc4 Qb6 17. Qf4 Be6 18. Rd6 Qb4 19. Rd4 Rac8 20. a3 Qc5 21.
g4 Bxc4 22. h4 Rfd8 23. Rhd1 Rxd4 24. Rxd4 Be6 25. g5 hxg5 26. hxg5 Nd5 27. Qd2
Nxc3 28. g6 Qxd4 29. Qe1 Na4 30. c3 Qf4+ 31. Kb1 Bf5+ 32. Ka1 Bxg6 0-1

[Event "Bigchess"]
[Site "http://www.queenalice.com/game.php?id=1566923"]
[Date "2019.4.8"]
[Round "3"]
[White "Useless"]
[Black "mrd123"]
[Result "0-1"]
[WhiteElo "1565"]
[BlackElo "2021"]

1. e4 e5 2. Nf3 Nc6 3. Bb5 Nf6 4. d3 d6 5. O-O Bd7 6. Bxc6 Bxc6 7. Bg5 h6 8.
Bxf6 Qxf6 9. Nc3 Be7 10. d4 O-O 11. d5 Bd7 12. a4 Qg6 13. Re1 Bh3 14. Nh4 Bxh4
15. g3 f5 16. Qf3 f4 17. Ne2 fxg3 18. Nf4 gxf2+ 19. Kh1 fxe1=Q+ 20. Rxe1 Bxe1
21. Qxh3 Rxf4 22. Qe6+ Qxe6 23. dxe6 Rxe4 0-1

[Event "Bigchess"]
[Site "http://www.queenalice.com/game.php?id=1574888"]
[Date "2019.6.19"]
[Round "4"]
[White "mrd123"]
[Black "Daniel1962"]
[Result "1-0"]
[WhiteElo "2023"]
[BlackElo "1749"]

1. e4 e5 2. Nf3 f6 3. d4 exd4 4. Nxd4 Bc5 5. Qh5+ g6 6. Qxc5 d6 7. Qa3 Bd7 8.
Qf3 Nc6 9. Nxc6 Bxc6 10. Bc4 Qe7 11. O-O O-O-O 12. Nc3 f5 13. Qg3 fxe4 14. Bg5
Nf6 15. Nd5 Bxd5 16. Bxd5 h6 17. Bxf6 Qxf6 18. Qh3+ Kb8 19. Qb3 b6 20. Bxe4 Qe5
21. Rfe1 Rde8 22. f3 h5 23. Rad1 g5 24. Rd5 Qe6 25. Rxg5 Qf6 26. Rg6 Qd4+ 27.
Kf1 Qe5 28. Qd5 Qxd5 29. Bxd5 Ref8 30. Rg7 h4 31. Ree7 Rc8 32. Bc4 Rh5 33. Ba6
Rf8 34. Rxc7 h3 35. Rb7+ Ka8 36. Rxa7+ Kb8 37. Rgb7+ Kc8 38. Ra8# 1-0

[Event "Bigchess"]
[Site "http://www.queenalice.com/game.php?id=1583565"]
[Date "2019.9.16"]
[Round "5"]
[White "marcomasao"]
[Black "mrd123"]
[Result "0-1"]
[WhiteElo "1946"]
[BlackElo "2028"]

1. e4 e5 2. Bc4 Nc6 3. Nf3 Bc5 4. Nc3 Nf6 5. Qe2 O-O 6. d3 Bb4 7. Bd2 h6 8. a3
Bxc3 9. Bxc3 d6 10. h3 a6 11. Ba2 Qe8 12. g4 Be6 13. b3 a5 14. Nh4 Nh7 15. Nf5
Bxf5 16. exf5 b5 17. h4 b4 18. axb4 axb4 19. Bb2 Nd4 20. Qd1 Qc6 21. Kd2 Nf6 22.
g5 Nd5 23. Bxd4 exd4 24. Qc1 Rfe8 25. gxh6 Nf4 26. Rg1 Re2+ 27. Kd1 Rae8 28.
Rxg7+ Kh8 29. Rg1 Re1+ 0-1

[Event "Challenge"]
[Site "http://www.queenalice.com/game.php?id=1584246"]
[Date "2019.9.22"]
[Round "-"]
[White "mrd123"]
[Black "Olavio"]
[Result "1-0"]
[WhiteElo "2046"]
[BlackElo "1577"]

1. e4 e5 2. Nf3 Bc5 3. Nc3 c6 4. Bc4 Qe7 5. O-O d6 6. d4 exd4 7. Nxd4 Qf6 8. Nf3
h6 9. h3 Nd7 10. Re1 Ne5 11. Nxe5 dxe5 12. Be3 Bb6 13. Bxb6 axb6 14. a4 Qg5 15.
Qf3 Nf6 16. Red1 Bd7 17. Bxf7+ Kxf7 18. Rxd7+ Kg6 19. Rxb7 Rhd8 20. h4 Qf4 21.
Qxf4 exf4 22. Rxb6 Rd4 23. Rxc6 Rad8 24. e5 Re8 25. exf6 gxf6 26. Rc5 Rb8 27.
h5+ Kf7 28. a5 Rxb2 29. a6 Rxc2 30. a7 Rdd2 31. a8=Q Rxf2 32. Qb7+ Ke6 33. Ra6#
1-0

[Event "Bigchess-2"]
[Site "http://www.queenalice.com/game.php?id=1590875"]
[Date "2019.11.21"]
[Round "1"]
[White "altair"]
[Black "mrd123"]
[Result "0-1"]
[WhiteElo "1521"]
[BlackElo "2048"]

1. e4 e5 2. Nf3 d6 3. h3 Nf6 4. Nc3 Be7 5. d4 O-O 6. dxe5 dxe5 7. Bd3 Nc6 8. a3
h6 9. O-O Bc5 10. b4 Bd6 11. Nh4 Nd4 12. Be3 Nxe4 13. Bxe4 Qxh4 14. Bxd4 exd4
15. Qxd4 Qg5 16. Bd3 Rd8 0-1

[Event "Bigchess-2"]
[Site "http://www.queenalice.com/game.php?id=1595765"]
[Date "2020.1.10"]
[Round "2"]
[White "mrd123"]
[Black "APSHOOTER"]
[Result "1-0"]
[WhiteElo "2050"]
[BlackElo "1764"]

1. e4 e5 2. Nf3 d6 3. Nc3 a6 4. d4 Bg4 5. dxe5 Bxf3 6. Qxf3 dxe5 7. Bc4 Nf6 8.
O-O Bd6 9. Bg5 h6 10. Bh4 g5 11. Bg3 Nc6 12. Nd5 Nxd5 13. Bxd5 f6 14. Qh5+ Kd7
15. Qg4+ Ke8 16. h4 Qd7 17. Be6 Qe7 18. Rad1 Nd4 19. Bc4 Nxc2 20. h5 Nd4 21. f4
Bc5 22. fxe5 Ne2+ 23. Kh1 Nxg3+ 24. Qxg3 fxe5 25. Bf7+ Qxf7 26. Rxf7 Kxf7 27.
Rf1+ Ke6 28. Qb3+ Kd7 29. Qd5+ Bd6 30. Rf7+ Kc8 31. Rh7 Rf8 32. Rxh6 Kb8 33. Rg6
Ka7 34. Qd2 Rf4 35. Rxg5 Raf8 36. Qe3+ b6 37. g3 Rf1+ 38. Kg2 Bc5 39. Qc3 R8f2+
40. Kh3 Rh1+ 41. Kg4 Kb7 42. Qxe5 Rg2 43. Qd5+ Ka7 44. Rg8 Rxg3+ 45. Kxg3 Rg1+
46. Kf3 Rxg8 47. Qxg8 1-0

[Event "Bigchess-2"]
[Site "http://www.queenalice.com/game.php?id=1601734"]
[Date "2020.3.5"]
[Round "3"]
[White "mvson33"]
[Black "mrd123"]
[Result "1/2-1/2"]
[WhiteElo "1753"]
[BlackElo "2055"]

1. Nf3 d5 2. d4 Nc6 3. g3 Nf6 4. Bg2 e6 5. O-O Be7 6. Bg5 O-O 7. a3 h6 8. Bd2 b5
9. Nc3 Rb8 10. e3 Ba6 11. Re1 Bc8 12. e4 dxe4 13. Nxe4 Nxd4 14. Nxd4 Qxd4 15.
Qe2 Bb7 16. Bc3 Qb6 17. Rad1 Nxe4 18. Bxe4 Bxe4 19. Qxe4 Bd6 1/2-1/2

[Event "Bigchess-2"]
[Site "http://www.queenalice.com/game.php?id=1609414"]
[Date "2020.4.26"]
[Round "5"]
[White "antoniozla"]
[Black "mrd123"]
[Result "1/2-1/2"]
[WhiteElo "1789"]
[BlackElo "2030"]

1. e4 e5 2. Nf3 Nc6 3. Bb5 Nf6 4. d3 a6 5. Bxc6 dxc6 6. h3 Bc5 7. Bg5 h6 8. Bh4
Bd4 9. Nxd4 Qxd4 10. Nc3 Nd7 11. O-O O-O 12. Bg3 Re8 13. Qf3 Nf6 14. Bh4 Bd7
1/2-1/2